Tottenham Players - Sudden Death - Statistics

General Stats
  • This quiz has been taken 59 times
  • The average score is 18 of 20
Answers on the Grid
Answers color-coded by a green-red scale on the quiz's grid according to % correct below.
Pierre-Emile Højbjerg
Harry Kane
Gareth Bale
Luka Modrić
Richarlison
Randal Kolo Muani
Christian Eriksen
Son Heung-min
David Ginola
James Maddison
Cristian Romero
Kieran Trippier
Gary Lineker
Paul Gascoigne
Hugo Lloris
Toby Alderweireld
Lucas Moura
Timo Werner
Kyle Walker
Emmanuel Adebayor
Sadio Mané
Axel Disasi
Jamal Musiala
Kai Havertz
Mohamed Salah
Francesco Totti
Mattéo Guendouzi
Michel Platini
Achraf Hakimi
Marco Reus
Cole Palmer
Blaise Matuidi
Ronaldinho
Giovanni Di Lorenzo
Sergio Agüero
Alexander Isak
 
Answer Stats
Answer % Correct
Gareth Bale
98%
Harry Kane
96%
Luka Modrić
96%
Pierre-Emile Højbjerg
96%
Cristian Romero
94%
James Maddison
94%
Richarlison
94%
Son Heung-min
94%
Christian Eriksen
92%
Hugo Lloris
92%
Lucas Moura
92%
Toby Alderweireld
92%
Kieran Trippier
90%
Kyle Walker
90%
Timo Werner
85%
Randal Kolo Muani
83%
David Ginola
79%
Emmanuel Adebayor
79%
Paul Gascoigne
77%
Gary Lineker
73%
No matching quizzes found
Score Distribution
Percent of People with Each Score
Percentile by Number Answered
Your Score History
You have not taken this quiz